La fuerza y la destreza del hombre.

Salvato in:
Dettagli Bibliografici
Autore principale: Depping, Guillermo. Autor
Altri autori: DGR y M. Traducción
Natura: Sconosciuto
Lingua:spagnolo
Pubblicazione: Madrid Gaspar Editores
Catalogo:MANES:  Risultati della ricerca del catalogo della biblioteca
Libro di testo Classificazione:
Serie:Biblioteca Científica Recreativa
Tags: Aggiungi Tag
Nessun Tag, puoi essere il primo ad aggiungerne!!
Aggiunto a:2016-04-26
Cambiato in:2025-05-07

MARC

LEADER 000000000a22000000004500
001 07724
003 OSt
005 20250507133321.0
008 160427s sp ||||| |||| 00| 0 spa d
040 |c centro_manes 
041 1 |a spa 
561 |5 es-CICE  |a España. Centro Internacional de la Cultura Escolar  |k MANES 
691 0 |a PRI 
100 1 |a Depping, Guillermo. Autor  |9 4026 
700 1 |a DGR y M. Traducción  |9 4027 
245 0 0 |a La fuerza y la destreza del hombre. 
260 3 |a Madrid  |b Gaspar Editores 
300 |a 203 p.  |c 18 x 12 cm 
440 |a Biblioteca Científica Recreativa  |9 3304 
330 |a 37 
500 |a Editado en Cartoné. 
690 0 |a CN 
942 |2 ddc  |c BK 
546 |a España 
999 |c 13698  |d 13698 
999 |c manes:13698  |d 13698